00291nam a2200109Ia 4500008004100000100001300041245006400054260002900118300000900147942000800156999001700164190216s9999||||xx |||||||||||||| ||und|| aGarg K C 0aMaths Civil Services Examination Preliminary Screening Test bSudha Pubs Pvt Ltdc1986 a178p cREF c35703d35703